MDQL
is popping MORE tags! Check the
thread
!
Quizzes
Events
Quiz Creation
Community
Videos
Private Events
Remove Ads
Sign In
Join for FREE
Feedback
Dark Mode
Quiz Categories
Sports
Geography
Music
Movies
Television
Just For Fun
Miscellaneous
History
Literature
Language
Science
Gaming
Entertainment
Religion
Holiday
For Kids
Quiz Lab
Recent
Popular Today
Quiz Kudos Today
Editor Picks
Curator Picks
Quizzes by...
Day
Popularity
Type
Ratings
Length
Year
Community
Subscriptions
Recent Discussions
Orange Saloon
Badges
Playlists
Quests
Create
Leaderboards
Showdown
Live 5
Trivia Bingo
Activity
Puzzle Library
Sporcle Events
Private Events
Virtual Trivia
Globe League
Become a Host
Pub Owners
SporcleCon
Opinionation
Our Games
Videos
Blog
Mobile Apps
Partnerships
Remove Ads and Go Orange
Feedback
Geography
Country
Landmarks
City
State
Population
World
Capital
Continent
Flags
Europe
Africa
Asia
South America
North America
Oceania
Border
Canada
United Kingdom
Topography
United States
Geography
Country
Landmarks
City
State
Population
World
Capital
Continent
Flags
Europe
Africa
Asia
South America
North America
Oceania
Border
Canada
United Kingdom
Topography
United States
Random Quiz
Search Sporcle
×
Quiz Lab
Quiz Lab
Geography
World
Type in answers that appear in a list
Type in answers that appear in a list
Classic
Best Score? Go Orange.
Map: Random Locations Stats
Can you name the the various items shown on the map (see note)?
By
Hullabaloo
7m
30 Questions
347 Plays
347 Plays
347 Plays
Comments
Comments
Give Quiz Kudos
Give Quiz Kudos
-
- Ratings
hide this ad
More Info
Forced Order
Answers have to be entered in order
Answers have to be entered in order
Replay
Link that replays current quiz
Next Quiz
Link to next quiz in quiz playlist
You Got
0%
They Got
Avg Score
61%
Avg Friend Score
Upgrade to see
Score Distribution
Jump to the score distribution portion of the page
Score
0/30
Timer
07:00
0
Plays Today
Hint
Answer
% Correct
Capital Cities
London
94.8%
Capital Cities
Quito
89.3%
Capital Cities
Canberra
87.3%
Mountain Ranges
Rocky Mountains
83.9%
Mountain Ranges
The Andes
83.9%
Mountain Ranges
The Himalayas
82.1%
Waterfalls
Niagara Falls
79.8%
Seas
North Sea
78.4%
Seas
Black Sea
78.4%
Capital Cities
Dhaka
76.7%
Seas
Caribbean Sea
75.8%
Mountain Ranges
Ural Mountains
75.2%
Waterfalls
Victoria Falls
73.8%
Mountain Ranges
The Pyrenees
71.5%
Waterfalls
Angel Falls
71.2%
Hint
Answer
% Correct
Volcanoes
Mount Etna
68.9%
Capital Cities
Luanda
68.6%
Mountain Ranges
Atlas Mountains
68%
Seas
South China Sea
67.4%
Volcanoes
Mount St. Helens
64%
Seas
Dead Sea
63.7%
Seas
Arabian Sea
59.7%
Volcanoes
Krakatoa
49.9%
Capital Cities
Melekeok
38.9%
Waterfalls
Iguazu Falls
37.8%
Waterfalls
Yosemite Falls
26.8%
Volcanoes
Mount Pinatubo
21%
Volcanoes
Mount Pelée
7.8%
Waterfalls
Gullfoss
5.8%
Volcanoes
Nevado del Ruiz
4.6%
Quiz Playlist
Details
Report
Send in Message
Add To Playlist
More Info:
Locations numbered 1-6 go down each category answer column (1 at the top, 6 at the bottom) All Volcanoes listed are currently active.
Classic:
Type in answers that appear in a list
Forced Order:
Answers have to be entered in order
Last Updated: Mar 14, 2017
Quiz Scoreboard
CHALLENGE
Sign Up to Join the Scoreboard
Show All
Scores
Hide
Comments
May contain spoilers
Recently Published
5x2 Blitz: Bands
by SL_Kpop136
Music
30s
Colored Red Africa Blitz
by spor1
Geography
30s
Find the 'City' Movie
by crazypaving
Movies
60s
More to Explore
Quiz From the Vault
Featured Blog Post
14 Easter Pick-up Lines to Find Eggs With
hide this ad
You Might Also Like...
Tags
Capital Quiz
World Quiz
map
mountains
Volcano
Today's Top Quizzes in Geography
Browse Geography
hide this ad
Today's Top Quizzes in World
Browse World
Top Contributed Quizzes in Geography
1
Countries of the World - No Outlines Minefield
2
Colored Red Europe Blitz I
3
Colored Red Africa Blitz II
4
Colored Red Europe Blitz II
5
Colored Red Europe Blitz III
6
Colored Red Africa Blitz III
7
Colored Red States Blitz I
8
Colored Red States Blitz II
9
Colored Red States Blitz III
10
Blind Secret Country CLXXXIX
Explore More
Trending Topics
Anime
Crossword
Marvel
Kpop
Disney
Harry Potter
NBA
Song
Pokémon
NFL
Soccer
The Office
Country
Puzzle
WWE
hide this ad
More By:
Hullabaloo
Quiz
Plays
Rating
Category
Featured
Created
Find the Countries of Central America
420,639
4.76
Geography
Nov 7, 2015
Premier League Fives
236,362
4.68
Sports
Mar 6, 2015
Click the Correct Animal
146,310
4.83
Science
Nov 6, 2015
Find the Countries of Yugoslavia
145,427
4.70
Geography
Nov 6, 2015
Premier League: Middle of the Road Teams
107,433
4.75
Sports
Aug 28, 2013
Go to Creator's Profile
Score Distribution
Quiz Creator Spotlight
Hullabaloo
Follow
Send a Message
Quizzes Created
-
Created Quiz Play Count
-
More By This Creator
Popular Quizzes Today
1
Find the 'City' Movie
2
5x2 Blitz: Bands
3
Colored Red Africa Blitz
4
Find the US States - No Outlines Minefield
5
The Countries of the World
6
Find the US States
7
9x9 Crossword: Cartoon Network
8
US States
More Geography Quizzes
Japanese Prefecture or Nigerian State?
Quiz Lab
Trending Quizzes
Colored Red Europe Blitz I
Colored Red Africa Blitz II
Colored Red Europe Blitz III
Colored Red Europe Blitz II
Colored Red Africa Blitz III
Recently Updated
Champions League XIs: Real Madrid
pecheneg
Largest US Cities 1790-2010
pecheneg
Rides in Walt Disney World
pecheneg
Most Oscar Losses (Acting)
pecheneg
Beyoncé Albums
pecheneg
Leaping Animals
pecheneg
Reality TV Shows (A-Z)
bhenderson79
Rickey Henderson's Hall of Fame Teammates
pecheneg
Champions League XIs: Arsenal
pecheneg
Quick Pick: Celebrities in WWE's Hall of Fame
aduchscher
Trending Topics
NBA
Harry Potter
Kpop
Crossword
Anime
Marvel
Disney
Country
Soccer
NFL
Pokémon
WWE
Puzzle
Song
The Office
Your Account Isn't Verified!
In order to create a playlist on Sporcle, you need to verify the email address you used during registration. Go to your
Sporcle Settings
to finish the process.
Report this User
Report this user for behavior that violates our
Community Guidelines
.
Details:
Send Report
Go to the Sporcle.com Mobile Site →
Comments